| 000 | 00880nam a2200217 a 4500 | ||
|---|---|---|---|
| 001 | 74070 | ||
| 003 | BD-RjUL | ||
| 005 | 20211209082504.0 | ||
| 008 | 180212s2004 bg ||||| |||| 000 0 ben d | ||
| 020 | _cTk. 70.00 | ||
| 035 | _a(BD-RjUL)74288 | ||
| 040 |
_aBD-RjUL _beng _cBD-RjUL |
||
| 041 | _aben | ||
| 082 |
_223 _a297 _bSAA 2004 |
||
| 100 |
_aসাদর, সাইয়্যেদ মুহাম্মদ বাকের _9220151 |
||
| 245 | 1 | 0 |
_aআল্লাহ, রাসুল ও রিসালাত : দীনের মৌ্লিক ভিত্তিসমুহের উপর সংক্ষিপ্ত আলোচনা / _c সাইয়্যেদ মুহাম্মদ বাকের সাদর, |
| 300 |
_a১১০ পৃ. ; _c২২ সেমি. |
||
| 650 |
_aইসলাম _9220152 |
||
| 650 |
_aIslam _9220153 |
||
| 942 |
_2ddc _cBK |
||
| 999 |
_c74070 _d74070 |
||